[Event "FBL 1"]
[Site "?"]
[Date "2017.04.29"]
[Round "9.1"]
[White "Muzychuk, Anna"]
[Black "Gaponenko, Inna"]
[Result "1/2-1/2"]
[WhiteElo "2587"]
[BlackElo "2416"]
[PlyCount "87"]
[EventDate "2016.10.22"]
[EventType "team-tourn"]
[EventCountry "GER"]
[WhiteTeam "Baden Baden OSG"]
[BlackTeam "Karlsruher SF"]
[WhiteTeamCountry "GER"]
[BlackTeamCountry "GER"]

1. e4 c5 2. Nf3 Nc6 3. d4 cxd4 4. Nxd4 g6 5. c4 d6 6. Be2 Nf6 7. Nc3 Nxd4 8.
Qxd4 Bg7 9. Be3 O-O 10. Qd2 a5 11. O-O a4 12. Rad1 Qa5 13. Bd4 Bd7 14. Bxf6
Bxf6 15. Nd5 Kg7 16. Nxf6 Qxd2 17. Nh5+ gxh5 18. Rxd2 Be6 19. f4 f5 20. Rd4 h4
21. Re1 Ra5 22. b4 axb3 23. axb3 b6 24. Bd3 Kf6 25. exf5 Bd7 26. Re2 Ra1+ 27.
Kf2 Rd1 28. Ke3 Ra8 29. Be4 Raa1 30. Rxd1 Rxd1 31. Kf3 h5 32. g3 hxg3 33. hxg3
Rc1 34. Re3 Ra1 35. Kg2 Ra2+ 36. Kh3 Rb2 37. g4 hxg4+ 38. Kxg4 Rh2 39. Rg3 Rh8
40. Kf3 Bxf5 41. Bxf5 Kxf5 42. Rg5+ Ke6 43. Rb5 Rb8 44. Ke4 1/2-1/2

[Event "FBL 1"]
[Site "?"]
[Date "2017.04.29"]
[Round "9.2"]
[White "Houska, Jovanka"]
[Black "Muzychuk, Mariya"]
[Result "1/2-1/2"]
[WhiteElo "2397"]
[BlackElo "2546"]
[PlyCount "64"]
[EventDate "2016.10.22"]
[EventType "team-tourn"]
[EventCountry "GER"]
[WhiteTeam "Karlsruher SF"]
[BlackTeam "Baden Baden OSG"]
[WhiteTeamCountry "GER"]
[BlackTeamCountry "GER"]

1. d4 Nf6 2. Nf3 e6 3. c4 d5 4. Nc3 c6 5. cxd5 exd5 6. Bg5 Be7 7. Qc2 g6 8. e3
Bf5 9. Bd3 Bxd3 10. Qxd3 O-O 11. O-O Nbd7 12. Rab1 a5 13. Qc2 Re8 14. a3 Ne4
15. Nxe4 dxe4 16. Bxe7 Qxe7 17. Nd2 c5 18. Rfe1 a4 19. Rbc1 b6 20. Nb1 cxd4 21.
exd4 Qg5 22. Qd2 Qf5 23. Rc4 Nf6 24. Nc3 Nd5 25. Nxd5 Qxd5 26. Qc3 Red8 27. Rd1
Ra5 28. h3 Qd7 29. Rc7 Qf5 30. Rc4 Qd7 31. Rc7 Qf5 32. Rc4 Qd7 1/2-1/2

[Event "FBL 1"]
[Site "?"]
[Date "2017.04.29"]
[Round "9.6"]
[White "Scheynin, Julia"]
[Black "Heinemann, Josefine"]
[Result "0-1"]
[WhiteElo "2028"]
[BlackElo "2237"]
[PlyCount "88"]
[EventDate "2016.10.22"]
[EventType "team-tourn"]
[EventCountry "GER"]
[WhiteTeam "Karlsruher SF"]
[BlackTeam "Baden Baden OSG"]
[WhiteTeamCountry "GER"]
[BlackTeamCountry "GER"]

1. e4 c5 2. Nc3 Nc6 3. g3 g6 4. Bg2 Bg7 5. f4 d6 6. d3 e6 7. Nf3 Nge7 8. O-O
O-O 9. Bd2 Rb8 10. Rb1 b5 11. a3 b4 12. axb4 cxb4 13. Ne2 Qb6+ 14. Kh1 a5 15.
b3 Na7 16. Bc1 Nb5 17. Bb2 Bxb2 18. Rxb2 Bd7 19. Qd2 Rbc8 20. g4 f5 21. gxf5
exf5 22. Ng3 Nc3 23. e5 Ned5 24. d4 Rce8 25. Ng5 Bc6 26. Re1 Qb7 27. Rg1 Nb6
28. h4 Bxg2+ 29. Rxg2 a4 30. bxa4 Nbxa4 31. Rb3 dxe5 32. dxe5 Rd8 33. Qf2 Rd5
34. Kh2 Nc5 35. h5 Nxb3 36. cxb3 Rd3 37. Nh3 Nd1 38. Qe2 Ne3 39. hxg6 Qxg2+ 40.
Qxg2 Nxg2 41. gxh7+ Kxh7 42. Ng5+ Kg6 43. Kxg2 Rxb3 44. Nf3 Rxf3 0-1

[Event "FBL 1"]
[Site "?"]
[Date "2017.04.29"]
[Round "9.1"]
[White "Javakhishvili, Lela"]
[Black "Naiditsch, Yuliya"]
[Result "0-1"]
[WhiteElo "2456"]
[BlackElo "2416"]
[PlyCount "120"]
[EventDate "2016.10.22"]
[EventType "team-tourn"]
[EventCountry "GER"]
[WhiteTeam "Schwaebisch Hall SK"]
[BlackTeam "Deizisau SF"]
[WhiteTeamCountry "GER"]
[BlackTeamCountry "GER"]

1. d4 Nf6 2. c4 e6 3. Nf3 d5 4. Nc3 c5 5. Be3 dxc4 6. dxc5 Qxd1+ 7. Rxd1 Na6 8.
Bd4 Bxc5 9. e4 Ke7 10. Bxc4 Bxd4 11. Rxd4 Nb4 12. Ke2 Nc6 13. Rd2 Bd7 14. h3
Rhd8 15. e5 Ne8 16. a3 Na5 17. Ba2 Bc6 18. Rhd1 Rxd2+ 19. Rxd2 Rc8 20. Ne1 b6
21. g4 Bb7 22. Nc2 g5 23. Ke3 Rc5 24. f4 Nc6 25. fxg5 Nxe5 26. Kf2 Nf3 27. Re2
Nd6 28. Bd5 Rxd5 29. Nxd5+ Bxd5 30. Nb4 Bb7 31. Rc2 Nxg5 32. Kg3 Nge4+ 33. Kf4
Nc5 34. Kg5 Be4 35. Rc1 f6+ 36. Kh6 a5 37. Na2 a4 38. Nc3 Bg6 39. Rf1 Kf8 40.
Rxf6+ Nf7+ 41. Rxf7+ Kxf7 42. h4 Bc2 43. g5 Bf5 44. Nb5 e5 45. h5 Ke7 46. Nc3
e4 47. Nd5+ Ke6 48. Ne3 b5 49. Kg7 Ke5 50. Ng2 Ne6+ 51. Kh6 Kd4 52. Nh4 Bg4 53.
g6 hxg6 54. Kxg6 e3 55. h6 e2 56. h7 Nf8+ 57. Kg5 Nxh7+ 58. Kxg4 Ke3 59. Nf3
Nf6+ 60. Kg3 Ne4+ 0-1

[Event "FBL 1"]
[Site "?"]
[Date "2017.04.29"]
[Round "9.2"]
[White "Schleining, Zoya"]
[Black "Batsiashvili, Nino"]
[Result "1/2-1/2"]
[WhiteElo "2349"]
[BlackElo "2496"]
[PlyCount "86"]
[EventDate "2016.10.22"]
[EventType "team-tourn"]
[EventCountry "GER"]
[WhiteTeam "Deizisau SF"]
[BlackTeam "Schwaebisch Hall SK"]
[WhiteTeamCountry "GER"]
[BlackTeamCountry "GER"]

1. d4 Nf6 2. Nf3 e6 3. c4 Bb4+ 4. Bd2 Qe7 5. g3 Bxd2+ 6. Qxd2 d5 7. Bg2 O-O 8.
O-O Rd8 9. Rc1 Nc6 10. Na3 dxc4 11. Qc3 e5 12. dxe5 Nd5 13. Qxc4 Nxe5 14. Nxe5
Qxe5 15. Qc5 Be6 16. e4 b6 17. Nc4 Qh5 18. Qa3 Nf6 19. Ne3 c5 20. Rd1 Rd4 21.
Rxd4 cxd4 22. Nf5 Bxf5 23. exf5 Re8 24. Qd3 Rd8 25. Rc1 g6 26. fxg6 hxg6 27. h3
Qe5 28. Rd1 a5 29. Bf3 Kg7 30. h4 Rd6 31. Kg2 Nd7 32. Qd2 Nc5 33. Re1 Qf5 34.
Rd1 Rf6 35. Qe2 Re6 36. Qc4 d3 37. Rd2 Rf6 38. Qd5 Qxd5 39. Bxd5 Rd6 40. Bc4
Rd4 41. b3 Kf6 42. f3 a4 43. Kf2 axb3 1/2-1/2

[Event "FBL 1"]
[Site "?"]
[Date "2017.04.29"]
[Round "9.3"]
[White "Daulyte, Deimante"]
[Black "Levushkina, Elena"]
[Result "1-0"]
[WhiteElo "2443"]
[BlackElo "2321"]
[PlyCount "131"]
[EventDate "2016.10.22"]
[EventType "team-tourn"]
[EventCountry "GER"]
[WhiteTeam "Schwaebisch Hall SK"]
[BlackTeam "Deizisau SF"]
[WhiteTeamCountry "GER"]
[BlackTeamCountry "GER"]

1. e4 e5 2. Nf3 Nf6 3. Nxe5 d6 4. Nf3 Nxe4 5. d4 d5 6. Bd3 Bd6 7. O-O O-O 8. c4
c6 9. cxd5 cxd5 10. Nc3 Nxc3 11. bxc3 Bg4 12. h3 Bh5 13. Rb1 Nd7 14. Rxb7 Nb6
15. Qc2 Bg6 16. Ng5 Be7 17. f4 Bxg5 18. fxg5 Nc4 19. Bxg6 fxg6 20. Rxf8+ Qxf8
21. Qf2 Qxf2+ 22. Kxf2 Rf8+ 23. Ke2 Re8+ 24. Kd3 Re1 25. Bf4 Rf1 26. g3 a5 27.
Rb5 Rf3+ 28. Ke2 Rxc3 29. Rxd5 Ra3 30. Rc5 Nb6 31. Bc7 Rxa2+ 32. Kd3 Nd7 33.
Rd5 Nf8 34. Bxa5 Kf7 35. Rb5 Nd7 36. Bb4 Ke6 37. Rb7 Rg2 38. d5+ Kxd5 39. Rxd7+
Kc6 40. Rxg7 Rxg3+ 41. Ke4 Rxh3 42. Bf8 Rh5 43. Kf4 Rh1 44. Rg8 Rf1+ 45. Ke4
Re1+ 46. Kf3 Re8 47. Rh8 Kd5 48. Bg7 Re7 49. Bf6 Ra7 50. Re8 Kd6 51. Kf4 Ra4+
52. Re4 Ra7 53. Re8 Ra4+ 54. Kg3 Ra3+ 55. Kg2 Ra7 56. Rg8 Ke6 57. Rg7 Ra2+ 58.
Kg1 h6 59. Re7+ Kf5 60. Re5+ Kf4 61. gxh6 Ra1+ 62. Kf2 Rh1 63. Ra5 g5 64. Bxg5+
Kg4 65. Kg2 Rh5 66. Bd2 1-0

[Event "FBL 1"]
[Site "?"]
[Date "2017.04.29"]
[Round "9.6"]
[White "Jelica, Mara"]
[Black "Rapport, Jovana"]
[Result "0-1"]
[WhiteElo "2099"]
[BlackElo "2334"]
[PlyCount "104"]
[EventDate "2016.10.22"]
[EventType "team-tourn"]
[EventCountry "GER"]
[WhiteTeam "Deizisau SF"]
[BlackTeam "Schwaebisch Hall SK"]
[WhiteTeamCountry "GER"]
[BlackTeamCountry "GER"]

1. e4 e6 2. d4 d5 3. Nd2 b6 4. Ngf3 Nf6 5. e5 Nfd7 6. Bd3 c5 7. c3 Be7 8. h4
Ba6 9. Bxa6 Nxa6 10. Nf1 b5 11. Bg5 cxd4 12. Bxe7 Qxe7 13. cxd4 Rc8 14. Ne3
Qb4+ 15. Qd2 Nb6 16. b3 Rc7 17. Qxb4 Nxb4 18. Kd2 Ke7 19. a3 Nc6 20. Rac1 Rhc8
21. Rc5 Nd7 22. Rc2 b4 23. axb4 Nxb4 24. Rxc7 Rxc7 25. Ra1 f6 26. Ra4 Nc6 27.
exf6+ Nxf6 28. Ke1 Ne4 29. Ne5 Nxe5 30. dxe5 Nc5 31. Rg4 Ke8 32. Ke2 Nxb3 33.
Rb4 Nc5 34. f4 Rb7 35. Rxb7 Nxb7 36. g4 Nc5 37. Nc2 a5 38. Ke3 Kf7 39. f5 a4
40. Kd4 Ne4 41. Na3 Nd2 42. Kc5 Ke7 43. g5 exf5 44. Kxd5 Nf3 45. Nc4 Nxh4 46.
e6 Ng6 47. Ne3 f4 48. Nf5+ Kd8 49. Kc4 f3 50. Kb4 f2 51. Ng3 Ke7 52. Kxa4 Kxe6
0-1

[Event "FBL 1"]
[Site "?"]
[Date "2017.04.29"]
[Round "9.3"]
[White "Mueller Ludwig, Kristin"]
[Black "Duessler, Stefanie"]
[Result "0-1"]
[WhiteElo "2080"]
[BlackElo "2086"]
[PlyCount "98"]
[EventDate "2016.10.22"]
[EventType "team-tourn"]
[EventCountry "GER"]
[WhiteTeam "Erfurt SV Medizin"]
[BlackTeam "Lehrte SK"]
[WhiteTeamCountry "GER"]
[BlackTeamCountry "GER"]

1. e4 c5 2. Nf3 e6 3. d4 cxd4 4. Nxd4 Nc6 5. Nc3 Qc7 6. Be3 a6 7. Bd3 Nf6 8.
O-O Ne5 9. f4 Neg4 10. Bc1 Bc5 11. Be2 Qb6 12. Bxg4 Bxd4+ 13. Kh1 Bxc3 14. bxc3
Nxe4 15. Qd4 Qxd4 16. cxd4 b5 17. Bf3 Bb7 18. Ba3 f5 19. Rac1 Rc8 20. Bb4 Kf7
21. Kg1 Bd5 22. Bxe4 Bxe4 23. c3 Rc6 24. Ra1 g5 25. fxg5 Rg8 26. a4 Rxg5 27.
Rf2 bxa4 28. Rxa4 Bd3 29. Ra5 Bb5 30. Raa2 Rg4 31. Ra1 Re4 32. Rd1 Bc4 33. Rfd2
Rc8 34. g3 h5 35. Kf2 h4 36. Re1 hxg3+ 37. hxg3 Rxe1 38. Kxe1 Rh8 39. Kf2 Rh1
40. Ke3 Ra1 41. Rh2 a5 42. Bd6 a4 43. Kf4 Kg6 44. Rh8 a3 45. Rg8+ Kh7 46. Ra8
a2 47. Kg5 Kg7 48. Be5+ Kf7 49. Rh8 d6 0-1

[Event "FBL 1"]
[Site "?"]
[Date "2017.04.29"]
[Round "9.1"]
[White "Majdan Gajewska, Joanna"]
[Black "Gunina, Valentina"]
[Result "1/2-1/2"]
[WhiteElo "2363"]
[BlackElo "2509"]
[PlyCount "102"]
[EventDate "2016.10.22"]
[EventType "team-tourn"]
[EventCountry "GER"]
[WhiteTeam "Rodewischer Schachmiezen"]
[BlackTeam "Koenigshofen Bad SC"]
[WhiteTeamCountry "GER"]
[BlackTeamCountry "GER"]

1. e4 c6 2. d4 d5 3. Nc3 dxe4 4. Nxe4 Bf5 5. Ng3 Bg6 6. h4 h6 7. Nf3 Nd7 8. h5
Bh7 9. Bd3 Bxd3 10. Qxd3 e6 11. Bd2 Ngf6 12. O-O-O Bd6 13. Ne4 Nxe4 14. Qxe4
Nf6 15. Qe2 Qb6 16. Kb1 Qb5 17. c4 Qf5+ 18. Ka1 O-O-O 19. g3 Rhe8 20. Rde1 Qc2
21. Ba5 Qxe2 22. Rxe2 Bc7 23. Bc3 b5 24. b3 bxc4 25. bxc4 c5 26. Kb2 Bb6 27.
dxc5 Bxc5 28. Ne5 Re7 29. Kc2 Rc7 30. Rh4 Rd6 31. a4 Ra6 32. a5 Ne8 33. Rg4 f5
34. Rg6 Nf6 35. Nd3 Ne4 36. Rxg7 Be7 37. Be5 Bd6 38. Rxc7+ Bxc7 39. Bxc7 Kxc7
40. g4 Rxa5 41. f3 Ng5 42. Re3 Ra3 43. gxf5 exf5 44. Re7+ Kd8 45. Rg7 Nxf3 46.
Rg6 Nd4+ 47. Kd2 Nb3+ 48. Kc2 Nd4+ 49. Kd2 Nb3+ 50. Kc2 Nd4+ 51. Kd2 Nb3+
1/2-1/2

[Event "FBL 1"]
[Site "?"]
[Date "2017.04.29"]
[Round "9.6"]
[White "Schneider, Jana"]
[Black "Steinbacher, Claudia"]
[Result "1/2-1/2"]
[WhiteElo "2224"]
[BlackElo "2043"]
[PlyCount "104"]
[EventDate "2016.10.22"]
[EventType "team-tourn"]
[EventCountry "GER"]
[WhiteTeam "Koenigshofen Bad SC"]
[BlackTeam "Rodewischer Schachmiezen"]
[WhiteTeamCountry "GER"]
[BlackTeamCountry "GER"]

1. e4 c5 2. Nf3 e6 3. g3 Nc6 4. Bg2 d6 5. O-O g6 6. c3 Nf6 7. Re1 Bg7 8. d4 O-O
9. Bf4 Nh5 10. Be3 cxd4 11. Nxd4 Nxd4 12. Bxd4 e5 13. Be3 Be6 14. Qd3 Qd7 15.
Na3 Rfd8 16. Red1 Bf8 17. c4 Qa4 18. Rac1 Rac8 19. Qc2 Qxc2 20. Rxc2 a6 21. Bb6
Re8 22. Ba5 Rc6 23. b3 Nf6 24. Rcd2 Nd7 25. Nc2 b6 26. Bb4 Nc5 27. Ba3 Rcc8 28.
Nb4 a5 29. Nd5 Bxd5 30. Rxd5 Rc7 31. f3 Kg7 32. Kf2 Rb8 33. Bf1 Kf6 34. h4 h5
35. Bd3 Ke6 36. Ke3 f5 37. f4 a4 38. Bxc5 bxc5 39. bxa4 Rb4 40. exf5+ gxf5 41.
fxe5 dxe5 42. Bxf5+ Kxf5 43. Rf1+ Ke6 44. Rxf8 Rxc4 45. Rd2 Rxa4 46. Re8+ Kf5
47. Rf2+ Kg4 48. Rxe5 Kxg3 49. Rff5 c4 50. Rxh5 Rxa2 51. Rhg5+ Kh3 52. Rc5 Rxc5
1/2-1/2

[Event "FBL 1"]
[Site "?"]
[Date "2017.04.30"]
[Round "10.1"]
[White "Batsiashvili, Nino"]
[Black "Hapala, Lisa"]
[Result "1-0"]
[WhiteElo "2496"]
[BlackElo "2095"]
[PlyCount "91"]
[EventDate "2016.10.22"]
[EventType "team-tourn"]
[EventCountry "GER"]
[WhiteTeam "Schwaebisch Hall SK"]
[BlackTeam "Augsburg SG"]
[WhiteTeamCountry "GER"]
[BlackTeamCountry "GER"]

1. d4 d5 2. c4 c6 3. Nf3 Nf6 4. e3 Bf5 5. Nc3 e6 6. Nh4 Bg6 7. Bd2 Nbd7 8. Nxg6
hxg6 9. Be2 Bd6 10. h3 Qc7 11. Rc1 a6 12. c5 Be7 13. f4 Ne4 14. Nxe4 dxe4 15.
O-O f5 16. Bc4 Kf7 17. Bxe6+ Kxe6 18. Qb3+ Kf6 19. Bc3 g5 20. fxg5+ Kxg5 21.
Qe6 Nf6 22. d5 Rae8 23. Qxf5+ Kh6 24. Be5 g6 25. Qf4+ g5 26. Qf5 Qd7 27. Bxf6
Qxf5 28. Rxf5 Rhf8 29. Rcf1 Bxc5 30. Bxg5+ Kg6 31. Rxf8 Bxf8 32. h4 cxd5 33.
Rd1 Rc8 34. Rxd5 Rc2 35. h5+ Kf7 36. Rd7+ Ke6 37. Rxb7 Bd6 38. Bf4 Bxf4 39.
exf4 Kf5 40. h6 Rc6 41. h7 Rh6 42. g3 Kg4 43. Kg2 e3 44. Rg7+ Kf5 45. Kf3 Kf6
46. Ra7 1-0

[Event "FBL 1"]
[Site "?"]
[Date "2017.04.30"]
[Round "10.2"]
[White "Georgescu, Lena"]
[Black "Daulyte, Deimante"]
[Result "0-1"]
[WhiteElo "2152"]
[BlackElo "2443"]
[PlyCount "106"]
[EventDate "2016.10.22"]
[EventType "team-tourn"]
[EventCountry "GER"]
[WhiteTeam "Augsburg SG"]
[BlackTeam "Schwaebisch Hall SK"]
[WhiteTeamCountry "GER"]
[BlackTeamCountry "GER"]

1. e4 Nf6 2. e5 Nd5 3. d4 d6 4. c4 Nb6 5. exd6 cxd6 6. Nc3 g6 7. h3 Bg7 8. Nf3
O-O 9. Be2 Nc6 10. O-O d5 11. c5 Nd7 12. Nxd5 Ndb8 13. Nc3 Nxd4 14. Nxd4 Qxd4
15. Qxd4 Bxd4 16. Bh6 Rd8 17. Nb5 Nc6 18. Nxd4 Nxd4 19. Bc4 Bf5 20. Rac1 b5 21.
cxb6 axb6 22. Be3 b5 23. Bxd4 Rxd4 24. Bb3 Rd2 25. Rc7 e6 26. Rb7 Be4 27. Rb6
Rxb2 28. Rc1 Rd8 29. Rxb5 Rdd2 30. Rb4 Bf5 31. g4 Bc2 32. Rf4 g5 33. Rf6 Kg7
34. Rf3 Be4 35. Re3 Bb7 36. Rec3 Rxf2 37. R1c2 Rfxc2 38. Rxc2 Rxc2 39. Bxc2 h6
40. Kf2 Kf6 41. Kg3 Ke5 42. h4 f5 43. gxf5 exf5 44. hxg5 hxg5 45. a4 Bc8 46. a5
f4+ 47. Kf2 g4 48. Bd1 g3+ 49. Kg1 Bb7 50. Be2 f3 51. Bb5 Kf4 52. a6 Bc8 53.
Bc4 Bh3 0-1

[Event "FBL 1"]
[Site "?"]
[Date "2017.04.30"]
[Round "10.3"]
[White "Papp, Petra"]
[Black "Jussupow, Nadia"]
[Result "1/2-1/2"]
[WhiteElo "2352"]
[BlackElo "2163"]
[PlyCount "27"]
[EventDate "2016.10.22"]
[EventType "team-tourn"]
[EventCountry "GER"]
[WhiteTeam "Schwaebisch Hall SK"]
[BlackTeam "Augsburg SG"]
[WhiteTeamCountry "GER"]
[BlackTeamCountry "GER"]

1. e4 e6 2. d4 d5 3. Nc3 Nc6 4. Nf3 Nf6 5. Bd3 Bb4 6. O-O Bxc3 7. exd5 Nxd4 8.
bxc3 Nxf3+ 9. Qxf3 Qxd5 10. Qg3 Bd7 11. Rd1 O-O-O 12. c4 Qd4 13. Ba3 Bc6 14. h3
1/2-1/2

[Event "FBL 1"]
[Site "?"]
[Date "2017.04.30"]
[Round "10.4"]
[White "Birkholz, Olga"]
[Black "Rapport, Jovana"]
[Result "1/2-1/2"]
[WhiteElo "2064"]
[BlackElo "2334"]
[PlyCount "35"]
[EventDate "2016.10.22"]
[EventType "team-tourn"]
[EventCountry "GER"]
[WhiteTeam "Augsburg SG"]
[BlackTeam "Schwaebisch Hall SK"]
[WhiteTeamCountry "GER"]
[BlackTeamCountry "GER"]

1. e4 e6 2. d4 d5 3. Nc3 dxe4 4. Nxe4 Nf6 5. Nxf6+ gxf6 6. Nf3 Nc6 7. Be3 Qd6
8. a3 Bd7 9. c4 Ne7 10. Bd3 Bc6 11. b4 a6 12. O-O b6 13. Qe2 Bg7 14. d5 Rd8 15.
Rad1 Ba4 16. Rd2 f5 17. c5 Qxd5 18. Bxa6 1/2-1/2

[Event "FBL 1"]
[Site "?"]
[Date "2017.04.30"]
[Round "10.6"]
[White "Braun, Kristin"]
[Black "Muetsch, Annmarie"]
[Result "0-1"]
[WhiteElo "1837"]
[BlackElo "1966"]
[PlyCount "100"]
[EventDate "2016.10.22"]
[EventType "team-tourn"]
[EventCountry "GER"]
[WhiteTeam "Augsburg SG"]
[BlackTeam "Schwaebisch Hall SK"]
[WhiteTeamCountry "GER"]
[BlackTeamCountry "GER"]

1. e4 c5 2. Nc3 Nc6 3. d3 d6 4. f4 g6 5. Nf3 Bg7 6. Be3 Nd4 7. g3 e6 8. Bg2 Ne7
9. O-O O-O 10. a3 a6 11. Rb1 Nec6 12. Ne2 Bd7 13. c3 Nxe2+ 14. Qxe2 b6 15. d4
cxd4 16. cxd4 Na5 17. Rfc1 Bb5 18. Qf2 Bd3 19. d5 Rb8 20. dxe6 fxe6 21. Bd4 e5
22. fxe5 dxe5 23. Bc3 Bxb1 24. Rxb1 Qd3 25. Re1 Nc6 26. Qe2 Qxe2 27. Rxe2 Rbd8
28. Nd2 Bh6 29. Bf1 Bxd2 30. Rxd2 Rxd2 31. Bxd2 b5 32. a4 Nd4 33. Bc3 Kg7 34.
axb5 axb5 35. b3 Rc8 36. Bxd4 exd4 37. Bxb5 Kf6 38. Bc4 Ke5 39. Kf2 Kxe4 40.
Ke2 Ke5 41. h4 Ra8 42. Kf3 Ra1 43. Bd3 Re1 44. Bc4 Re3+ 45. Kf2 h6 46. Bf7 g5
47. hxg5 hxg5 48. Bc4 Rc3 49. g4 Kf4 50. Be6 Re3 0-1

[Event "FBL 1"]
[Site "?"]
[Date "2017.04.30"]
[Round "10.2"]
[White "Movsesjan, Julia"]
[Black "Muzychuk, Anna"]
[Result "0-1"]
[WhiteElo "2316"]
[BlackElo "2587"]
[PlyCount "106"]
[EventDate "2016.10.22"]
[EventType "team-tourn"]
[EventCountry "GER"]
[WhiteTeam "Rodewischer Schachmiezen"]
[BlackTeam "Baden Baden OSG"]
[WhiteTeamCountry "GER"]
[BlackTeamCountry "GER"]

1. e4 c5 2. Nf3 Nc6 3. Bb5 g6 4. O-O Bg7 5. Re1 e5 6. c3 Nge7 7. a3 O-O 8. b4
d6 9. d3 h6 10. Be3 b6 11. Bc4 Kh7 12. Nbd2 f5 13. Nf1 f4 14. Bc1 g5 15. h3 Rb8
16. Qe2 Ng6 17. Rd1 Bd7 18. Bb2 h5 19. N3h2 Kh6 20. Nd2 Qc8 21. f3 Bf6 22. Ba2
Qc7 23. Rac1 Rbd8 24. Ndf1 Qb8 25. Bd5 Nce7 26. Bb3 b5 27. Ra1 a5 28. bxa5 Nc6
29. a6 Qb6 30. Kh1 Na5 31. Bd5 Ne7 32. Ba2 Qxa6 33. Nd2 Ra8 34. Qf2 Qc8 35. Qe2
Ra7 36. Rac1 Nac6 37. Bd5 Nxd5 38. exd5 Ne7 39. c4 Nf5 40. Ne4 Be7 41. Nf1 bxc4
42. dxc4 Bd8 43. Kg1 Ba4 44. Rd3 Rg7 45. Rb1 Qa6 46. Rc1 Bd7 47. Rb3 Rfg8 48.
Re1 Ba4 49. Rb5 Bxb5 50. cxb5 Qa4 51. Kh1 Qb3 52. Qd2 Qxb5 53. h4 Ba5 0-1

[Event "FBL 1"]
[Site "?"]
[Date "2017.04.30"]
[Round "10.4"]
[White "Kazarian, Anna Maja"]
[Black "Kachiani Gersinska, Ketino"]
[Result "1/2-1/2"]
[WhiteElo "2257"]
[BlackElo "2366"]
[PlyCount "83"]
[EventDate "2016.10.22"]
[EventType "team-tourn"]
[EventCountry "GER"]
[WhiteTeam "Rodewischer Schachmiezen"]
[BlackTeam "Baden Baden OSG"]
[WhiteTeamCountry "GER"]
[BlackTeamCountry "GER"]

1. e4 c5 2. Nf3 Nc6 3. d4 cxd4 4. Nxd4 d6 5. Nc3 g6 6. Be3 Nf6 7. Be2 Bg7 8.
O-O O-O 9. Kh1 d5 10. exd5 Nxd5 11. Nxd5 Qxd5 12. Bf3 Qc4 13. Nxc6 bxc6 14. c3
Be6 15. Be2 Qe4 16. Bd3 Qh4 17. Qc2 Rfd8 18. b3 Rd7 19. Rad1 Rad8 20. f4 Qh5
21. Be2 Bg4 22. Rxd7 Rxd7 23. Bxg4 Qxg4 24. h3 Qh5 25. Rf3 Qd5 26. c4 Qe6 27.
Qf2 a6 28. Bb6 Qe4 29. Re3 Qb1+ 30. Kh2 Bf6 31. Re1 Qd3 32. Re3 Qf5 33. g4 Qb1
34. Re1 Qd3 35. Qe3 Qc2+ 36. Re2 Qb1 37. g5 Bb2 38. Qe4 Qxe4 39. Rxe4 Rd2+ 40.
Kg3 e6 41. Bc5 Bg7 42. a4 1/2-1/2

[Event "FBL 1"]
[Site "?"]
[Date "2017.04.30"]
[Round "10.5"]
[White "Tammert, Iamze"]
[Black "Korenova, Martina"]
[Result "1-0"]
[WhiteElo "2290"]
[BlackElo "2154"]
[PlyCount "125"]
[EventDate "2016.10.22"]
[EventType "team-tourn"]
[EventCountry "GER"]
[WhiteTeam "Baden Baden OSG"]
[BlackTeam "Rodewischer Schachmiezen"]
[WhiteTeamCountry "GER"]
[BlackTeamCountry "GER"]

1. c4 g6 2. Nc3 Bg7 3. d4 Nf6 4. e4 O-O 5. Nf3 d6 6. h3 Na6 7. Qc2 e5 8. d5 Bd7
9. Be2 Nh5 10. g3 f5 11. Nh4 Nf6 12. exf5 gxf5 13. Nxf5 Bxf5 14. Qxf5 c6 15.
O-O Qe8 16. Bd3 Nc5 17. Bc2 e4 18. Qg5 h6 19. Qh4 cxd5 20. cxd5 Qg6 21. Be3
Rac8 22. Rad1 Rfe8 23. Rfe1 Re5 24. Bxc5 Rxc5 25. Bxe4 Qf7 26. Bg2 Qe7 27. Rxe5
Qxe5 28. Qb4 b6 29. Qd4 Qf5 30. Qd3 Qe5 31. Kf1 Rc8 32. Re1 Qg5 33. Qe3 Re8 34.
Qxg5 Rxe1+ 35. Kxe1 hxg5 36. Nb5 Ne8 37. Nxa7 Bxb2 38. Nc6 Kg7 39. Ke2 Kf6 40.
Kd3 Nc7 41. Kc4 Ba3 42. Nb4 Bb2 43. Nd3 Ba1 44. Be4 Ke7 45. f4 gxf4 46. Nxf4
Kf6 47. Nd3 Kg5 48. Ne1 Kh5 49. Nf3 Bb2 50. g4+ Kh6 51. h4 Bc1 52. Nd4 Kg7 53.
Nf5+ Kf6 54. g5+ Ke5 55. g6 Ne8 56. Bc2 Kf6 57. Kb5 Nc7+ 58. Kc6 Na6 59. g7 Kf7
60. Kxd6 Nb8 61. Kc7 Bf4+ 62. d6 Na6+ 63. Kxb6 1-0

[Event "FBL 1"]
[Site "?"]
[Date "2017.04.30"]
[Round "10.6"]
[White "Steinbacher, Claudia"]
[Black "Heinemann, Josefine"]
[Result "0-1"]
[WhiteElo "2043"]
[BlackElo "2237"]
[PlyCount "88"]
[EventDate "2016.10.22"]
[EventType "team-tourn"]
[EventCountry "GER"]
[WhiteTeam "Rodewischer Schachmiezen"]
[BlackTeam "Baden Baden OSG"]
[WhiteTeamCountry "GER"]
[BlackTeamCountry "GER"]

1. d4 Nf6 2. c4 g6 3. Nc3 d5 4. e3 Bg7 5. Qb3 e6 6. Nf3 c6 7. a4 a5 8. Be2 O-O
9. O-O Na6 10. Ne5 Ne4 11. f3 Nd6 12. c5 Ne8 13. f4 Nb4 14. Na2 Nxa2 15. Rxa2
Nf6 16. Bf3 Nd7 17. Nxd7 Qxd7 18. Bd2 Qc7 19. Rc1 f6 20. Raa1 Kh8 21. Re1 Bd7
22. Rad1 Rfb8 23. Bc3 b6 24. cxb6 Rxb6 25. Qc2 Kg8 26. Qd2 Rbb8 27. Rc1 Bf8 28.
e4 Bd6 29. g3 Qb6 30. Kh1 Kg7 31. e5 fxe5 32. fxe5 Be7 33. Rf1 Rf8 34. Bg2 Qb3
35. Ra1 Rxf1+ 36. Bxf1 c5 37. dxc5 Bxc5 38. Qg5 Rf8 39. Bd2 Qxb2 40. Re1 Rf2
41. Qh6+ Kg8 42. Bg5 d4 43. Qh3 Bc6+ 44. Kg1 Rf5 0-1

[Event "FBL 1"]
[Site "?"]
[Date "2017.04.30"]
[Round "10.1"]
[White "Naiditsch, Yuliya"]
[Black "Boric, Elena"]
[Result "1-0"]
[WhiteElo "2416"]
[BlackElo "2224"]
[PlyCount "105"]
[EventDate "2016.10.22"]
[EventType "team-tourn"]
[EventCountry "GER"]
[WhiteTeam "Deizisau SF"]
[BlackTeam "Muenchen FC Bayern"]
[WhiteTeamCountry "GER"]
[BlackTeamCountry "GER"]

1. e4 Nf6 2. e5 Nd5 3. d4 d6 4. c4 Nb6 5. exd6 cxd6 6. Nc3 g6 7. Be3 Bg7 8. Rc1
O-O 9. b3 e5 10. dxe5 dxe5 11. Qxd8 Rxd8 12. c5 N6d7 13. Nf3 Nc6 14. Bc4 h6 15.
Ne4 Nf8 16. Nd6 Ne6 17. O-O Rb8 18. Rfd1 Kf8 19. Nxc8 Rbxc8 20. Bxe6 fxe6 21.
Rxd8+ Rxd8 22. Nd2 Kf7 23. Ne4 Bf8 24. Kf1 Rd7 25. g3 g5 26. Ke2 g4 27. Rc4 h5
28. b4 a6 29. a4 Nd4+ 30. Bxd4 exd4 31. Kd3 e5 32. Rc1 Be7 33. h3 gxh3 34. Rh1
Rc7 35. Rxh3 Kg6 36. Rh1 a5 37. bxa5 Bxc5 38. Rb1 Be7 39. Rb5 h4 40. Rxe5 hxg3
41. fxg3 Ba3 42. Rb5 Rd7 43. g4 Bf8 44. Rb6+ Kg7 45. Nf6 Rf7 46. Nh5+ Kh8 47.
Kxd4 Rd7+ 48. Ke4 Rc7 49. a6 bxa6 50. Rxa6 Bb4 51. Rh6+ Kg8 52. Nf6+ Kf8 53.
Rh8+ 1-0

[Event "FBL 1"]
[Site "?"]
[Date "2017.04.30"]
[Round "10.2"]
[White "Dengler, Dijana"]
[Black "Schleining, Zoya"]
[Result "0-1"]
[WhiteElo "2046"]
[BlackElo "2349"]
[PlyCount "118"]
[EventDate "2016.10.22"]
[EventType "team-tourn"]
[EventCountry "GER"]
[WhiteTeam "Muenchen FC Bayern"]
[BlackTeam "Deizisau SF"]
[WhiteTeamCountry "GER"]
[BlackTeamCountry "GER"]

1. d4 d5 2. Nf3 Nf6 3. e3 c5 4. b3 Nc6 5. Bb2 cxd4 6. exd4 g6 7. Bd3 Bg7 8. O-O
O-O 9. a3 Bg4 10. Nbd2 e6 11. h3 Bxf3 12. Nxf3 Qb6 13. Re1 Rac8 14. Qd2 Rfd8
15. Rad1 a6 16. Qe3 Ne8 17. Ne5 Nd6 18. Qf4 Qc7 19. Nxc6 Qxc6 20. Re3 Qb6 21.
h4 h5 22. Rf3 Rd7 23. Rd2 Nc4 24. Bxc4 dxc4 25. b4 Qd6 26. Qxd6 Rxd6 27. Bc3
Rcd8 28. g3 e5 29. d5 e4 30. Re3 Bh6 31. Rxe4 Bxd2 32. Bxd2 Rxd5 33. Bg5 Rc8
34. Re7 b5 35. Kg2 Rd6 36. Ra7 Re8 37. Bf4 Rde6 38. Be3 R8e7 39. Ra8+ Kg7 40.
Bd4+ f6 41. Bc5 Rd7 42. Bf8+ Kf7 43. Bh6 Rd1 44. Ra7+ Ke8 45. Ra8+ Kd7 46. Bf4
Ra1 47. Ra7+ Kc8 48. Rc7+ Kd8 49. Rg7 f5 50. Rg8+ Kd7 51. Rg7+ Ke8 52. Bg5 Rxa3
53. Rg8+ Kf7 54. Ra8 Rc6 55. Ra7+ Ke6 56. Re7+ Kd5 57. Bf4 c3 58. Rd7+ Kc4 59.
Bg5 Ra2 0-1